000 01412nam a2200265Ia 4500
999 _c54634
_d54634
001 21701
003 GE_BSU
005 20250729170936.0
008 181216s2017||||ge |||||||||||||| ||geo||
020 _a9789941249501
040 _cGE_BSU
041 _ageo
080 _a27-54 თ-54
245 _a Ⴇვენი. [ტ.] 33, 21 ნოემბერი - 30 ნოემბერი (ახალი სტილით 4 დეკემბერი - 13 დეკემბერი) /
_cპროექტის ავტორი და რედაქტორი თამარ მამაცაშვილი ; შემდგენელი სოფიო თავაძე ; დიზაინერი რატი თორდია.
264 _aთბილისი :
_bპალიტრა L,
_c2017.
300 _a240 გვ. ;
_c22 სმ.
490 _aჟურნალ ”კარიბჭის” ბიბლიოთეკა
541 _h6 ლ.
653 _aთვენი. 21 ნოემბერი -30 ნოემბერი. 33
653 _aრელიგია
653 _aგარეკანზე: წმინდა მეფე ვახტანგ გორგასალი
653 _aწმინდა მამათა ცხოვრება
653 _aწმინდანთა ცხოვრება
942 _cBK
_2udc